Normal view
MARC view
- Miller, Mark R
Entry Personal Name
001 - CONTROL NUMBER
- control field: 83617
003 - CONTROL NUMBER IDENTIFIER
- control field: NUST
005 - DATE AND TIME OF LATEST TRANSACTION
- control field: 20211101152926.0
008 - FIXED-LENGTH DATA ELEMENTS
- fixed length control field: 211101|| aca||aabn | a|a d
040 ## - CATALOGING SOURCE
- Original cataloging agency: NUST
- Transcribing agency: NUST
100 ## - HEADING--PERSONAL NAME
- Personal name: Miller, Mark R
670 ## - SOURCE DATA FOUND
- Source citation: Work cat.: (NUST)33586: Miller, Rex, 1929- 83616, Air conditioning and refrigeration /, c2012.
